| 000 | 00725nam a2200133Ia 4500 | ||
|---|---|---|---|
| 008 | 160809s9999 xx 000 0 und d | ||
| 100 | _aHunger, Christina. | ||
| 245 | 3 | _aAn investigation of the mediating role of personality and family functioning in the association between attachment styles and eating disorder status | |
| 245 | _cChristina Hunger and Jochen Schweitzer. | ||
| 260 | _bBMC Psychology | ||
| 260 | _c22 July 2016 | ||
| 650 | _xPSYCHOLOGY | ||
| 856 | _uhttp://download.springer.com/static/pdf/439/art%253A10.1186%252Fs40359-016-0141-4.pdf?originUrl=http%3A%2F%2Fbmcpsychology.biomedcentral.com%2Farticle%2F10.1186%2Fs40359-016-0141-4&token2=exp=1469410080~acl=%2Fstatic%2Fpdf%2F439%2Fart%25253A10.1186%25252F | ||
| 999 |
_c300190 _d300190 |
||